| 000 | 01033nam a2200241 a 4500 | ||
|---|---|---|---|
| 001 | BRL_1918 | ||
| 005 | 20190320211432.0 | ||
| 008 | 180815s1992----mx-o######---#000-0#spa-# | ||
| 020 | _a9682944600 | ||
| 041 | _aspa | ||
| 050 | 4 |
_aN7629.2.M6 _b.I87 1992 |
|
| 245 | 1 | 0 |
_aDel istmo y sus mujeres _btehuanas en el arte mexicano : Museo Nacional de Arte, agosto-noviembre 1992, Ciudad de Mexico _c[coord., Claudio Barron, Ana Paulina Gamez, Luis Martin Lozano] |
| 260 |
_aCiudad de México _bConsejo Nacional para la Cultura y las Artes : INBA _c1992 |
||
| 300 |
_a197 p. _bil. _c28 cm. _e+ Material didáctico (Niisa la tehuanita del istmo, 16 p., 17 cm.) |
||
| 500 | _aAu1958 | ||
| 650 | 1 | 4 |
_aMujeres en el arte _vExposiciones _911112 |
| 650 | 1 | 4 |
_aMujeres _vExposiciones _zMexico - Tehuantepec, Istmo de _928234 |
| 650 | 1 | 4 |
_aArte moderno _vExposiciones _ySiglo XIX _zMéxico _928235 |
| 650 | 1 | 4 |
_aArte moderno _vExposiciones _ySiglo XX _zMéxico _928236 |
| 710 | 2 |
_aMuseo Nacional de Arte (Mexico) _9114 |
|
| 902 | _aGRL | ||
| 942 |
_2lcc _cB |
||
| 999 |
_c10726 _d10726 |
||